Bộ hình sự tố tụng
Sách giới thiệu công tố quyền và dân tố quyền, hành sử công tố quyền và thẩm phán, cơ quan tài phán, tố cầu bất thường, một vài thủ tục đặc biệt.
Αποθηκεύτηκε σε:
| Μορφή: | Βιβλίο |
|---|---|
| Γλώσσα: | Undetermined |
| Έκδοση: |
Sài Gòn
Tối cao pháp viện
1973
|
| Θέματα: | |
| Ετικέτες: |
Προσθήκη ετικέτας
Δεν υπάρχουν, Καταχωρήστε ετικέτα πρώτοι!
|
| Thư viện lưu trữ: | Trung tâm Học liệu Trường Đại học Cần Thơ |
|---|
| LEADER | 00803nam a2200193Ia 4500 | ||
|---|---|---|---|
| 001 | CTU_204827 | ||
| 008 | 210402s9999 xx 000 0 und d | ||
| 082 | |a 345.59705 | ||
| 082 | |b B450 | ||
| 245 | 0 | |a Bộ hình sự tố tụng | |
| 245 | 0 | |c Việt Nam Cộng hòa | |
| 260 | |a Sài Gòn | ||
| 260 | |b Tối cao pháp viện | ||
| 260 | |c 1973 | ||
| 520 | |a Sách giới thiệu công tố quyền và dân tố quyền, hành sử công tố quyền và thẩm phán, cơ quan tài phán, tố cầu bất thường, một vài thủ tục đặc biệt. | ||
| 650 | |a Tố tụng hình sự,Criminal procedure | ||
| 650 | |z Việt Nam,Vietnam | ||
| 904 | |i Hải | ||
| 980 | |a Trung tâm Học liệu Trường Đại học Cần Thơ | ||